International benchmarking of South Africa's infrastructure performance (Record no. 293179)

000 -LEADER
fixed length control field 00481cam a22001337a 4500
008 - FIXED-LENGTH DATA ELEMENTS--GENERAL INFORMATION
fixed length control field 180718b2006 xxu||||| |||| 00| 0 eng d
100 ## - MAIN ENTRY--PERSONAL NAME
Personal name Bogetic Zeljko
245 ## - TITLE STATEMENT
Title International benchmarking of South Africa's infrastructure performance
Statement of responsibility, etc. by Zeljko Bogetic and Johannes W. Fedderke
260 ## - PUBLICATION, DISTRIBUTION, ETC.
Place of publication, distribution, etc. Washington, D.C.
Name of publisher, distributor, etc. World Bank
Date of publication, distribution, etc. 2006
300 ## - PHYSICAL DESCRIPTION
Extent 19p.
440 ## - SERIES STATEMENT/ADDED ENTRY--TITLE
Title Policy research working paper; no. 3830
650 ## - SUBJECT ADDED ENTRY--TOPICAL TERM
Topical term or geographic name entry element Infrastructure performance
700 ## - ADDED ENTRY--PERSONAL NAME
Personal name Fedderke, Johannes W.
Holdings
Withdrawn status Lost status Damaged status Not for loan Permanent Location Current Location Date acquired Barcode Date last seen Price effective from Koha item type
        Indian Institute of Public Administration Indian Institute of Public Administration 2006-04-10 WB10930 2018-07-20 2018-07-20 WB

Powered by Koha